| 000 | 00751nam a22002177a 4500 | ||
|---|---|---|---|
| 005 | 20251108165805.0 | ||
| 008 | 250721s1989 xx 000 0 ara d | ||
| 082 | 1 | 4 | _aم/420.7/ألك |
| 100 | 1 | _aألكساندر، ل . د | |
| 245 | 1 | 0 | _aالتكلم على مستوى المسؤوليات / |
| 246 | 1 | 1 | _aSpeaking Professionally |
| 264 | 1 |
_aفلوريدا : _bالشركة الأمريكية للتدريب المهني - الدائرة الدولية، _c1989. |
|
| 300 | _a2ج | ||
| 650 | 1 | 7 | _aاللغة الإنجليزية |
| 650 | 1 | 7 | _aتدريس اللغة الثانية |
| 700 | 1 | _aثورب، أ . ديل | |
| 700 | 1 | _aناشد، مختار | |
| 700 | 1 |
_aعويس، نعيم _eترجمة |
|
| 942 |
_2ddc _cREF |
||
| 999 |
_c31392 _d31392 |
||